Research Methods in the Social Sciences. (Record no. 33)

MARC details
005 - DATE AND TIME OF LATEST TRANSACTION
control field 20250607090736.0
020 ## - INTERNATIONAL STANDARD BOOK NUMBER
International Standard Book Number 0-673-99106-7
082 ## - DEWEY DECIMAL CLASSIFICATION NUMBER
Classification number 001.43 HER
100 ## - MAIN ENTRY--PERSONAL NAME
Author name HERZOG, T.
245 ## - TITLE STATEMENT
Title Research Methods in the Social Sciences.
260 ## - PUBLICATION, DISTRIBUTION, ETC.
Place of publication, distribution, etc. New York,
Name of publisher, distributor, etc. Harper Collins College,
Date of publication, distribution, etc. 1996.
300 ## - PHYSICAL DESCRIPTION
Extent xviii, 378p.: ill.; figure, table
Other physical details Glossary & Index
Dimensions 23cm
856 ## - ELECTRONIC LOCATION AND ACCESS
Link text Access on line book
Electronic name Research
Path http://www.harpercollins.com/college.
942 ## - ADDED ENTRY ELEMENTS (KOHA)
Source of classification or shelving scheme Dewey Decimal Classification
Koha item type Books
Holdings
Date last seen Total checkouts Full call number Barcode Cost, replacement price Price effective from Koha item type Lost status Source of classification or shelving scheme Damaged status Not for loan Withdrawn status Home library Current library Shelving location Date acquired Cost, normal purchase price
07/01/2025   300.72 HER DOM0004620 45000.00 07/01/2025 Books   Dewey Decimal Classification       CBE Dodoma CBE Dodoma General Collection 06/05/1997 15000.00
03/06/2025   001.43 HER 00000049 45000.00 03/05/2025 Books   Dewey Decimal Classification       College of Business Education Main Library College of Business Education Main Library Special Reserve Collection 06/05/1997 15000.00
03/06/2025   001.43 HER 00000050 45000.00 03/05/2025 Books   Dewey Decimal Classification       College of Business Education Main Library College of Business Education Main Library Special Reserve Collection 06/05/1997 15000.00
03/06/2025   001.43 HER 00000051 45000.00 03/05/2025 Books   Dewey Decimal Classification       College of Business Education Main Library College of Business Education Main Library Special Reserve Collection 06/05/1997 15000.00